Регионална библиотека "Любен Каравелов" - Русе

Закон за носение военните тегоби (Запис номер 163511)

MARC детайли
000 -Лидер
Контролно поле с фиксирана дължина nam a22 a 4500
003 - Код на организацията, давaща контролен номер
Контролно поле BLK
005 - Дата и час на последна редакция
Контролно поле 20220307162713.0
008 - Елементи от данни с фиксирана дължина
fixed length control field 180410b bul|||||r ||||||| ||bul||
010 ## - Наследен системен номер
LC control number KNG00170949000
040 ## - Източник на каталожния запис
Идентификатор на билиотеката - собственик на записа BLK
041 ## - Код за език
Код за езика на текст/звукозапис или на отделно заглавие Български
Код за езика КДБФ Български
072 #7 - Код за тематичната категория
Код организация bullib
Код за тематична категория Ц
Текст Редки и ценни
080 ## - УДК
Текстов определител УДК Задачи в областта на защитата на страната. Гражданска отбрана. Управление на отбраната (въоръжени сили)
УДК код - определител по УДК 351.86
УДК определител :355.2(497.2)(094.5)
УДК - код + определител 351.86:355.2(497.2)(094.5)
110 1# - Редна дума - колетивен орган
Редна дума - наименование на организация или юридическо лице България. Закони и др. п.
9 (RLIN) 243213
139 ## - Редно поле
Редна дума България. Закони и др. п.
Авторски знак Бъл - Б 92
245 10 - Сведения за заглавието
Заглавие Закон за носение военните тегоби
257 ## - Страна на издаване
Страна на създаване/издаване България
260 ## - Област на издателските данни
Име на издателя, разпространителя и проч. М-во на войната
Година на издаване 1898
Печатница София : Воен. журнал
Място на издаване, разпространение и проч. София
300 ## - Физическа характеристика
Страници 40, III с.
Размери/Мащаб 15 см
380 ## - Жанр
Жанр Обществени науки
490 ## - СЕРИИ (Колекции)
9 (RLIN) 435080
Име на серия Колекция Редки и ценни издания
500 ## - Общи забележки
Забележка Подв. към Гражданско съдопроизводство, 1897, сигн. Рц Рб 897 и инв. № 25852
650 #4 - Допълнително описание по предмет – тема
Основно описание – тема или топоним Военно дело - България
9 (RLIN) 251306
651 #4 - Допълнително описание по предмет - топоним
Географско понятие България
9 (RLIN) 241624
653 ## - Ключова дума – ненормативна
Ключова дума законодателство
653 ## - Ключова дума – ненормативна
Ключова дума войски
653 ## - Ключова дума – ненормативна
Ключова дума мобилизация
659 ## - Тематичен бюлетин
Тематичен бюлетин Ц
852 ## - Местоположение
Форматна сигнатура Рб 897
Фондова буква Редки и ценни
856 4# - Електронен адрес и достъп
Електронен формат pdf - файл
856 4# - Електронен адрес и достъп
Електронен формат pdf - файл
999 ## - СИСТЕМНИ КОНТРОЛНИ НОМЕРА
Koha biblionumber 163511
Koha biblioitemnumber 163511
942 ## - АРТИКУЛИ
Вид на библиотечния материал Книги
Скрит в OPAC Не
Периодичен библиозапис Да
944 ## - СЪЗДАВАНЕ И РЕДАКЦИЯ на ЗАПИСА
Създаване/Редакция Създаване
Дата на регистрацията/редакция 10.02.2015
Служител, извършил регистрацията/редакцията Наталия_Медовщикова
944 ## - СЪЗДАВАНЕ И РЕДАКЦИЯ на ЗАПИСА
Създаване/Редакция Редакция
Дата на регистрацията/редакция 29.02.2016
Служител, извършил регистрацията/редакцията Виолета_Тройчева
999 ## - СИСТЕМНИ КОНТРОЛНИ НОМЕРА
Koha biblioitemnumber 163511
999 ## - СИСТЕМНИ КОНТРОЛНИ НОМЕРА
Koha biblioitemnumber 163511
Наличности
Код за отписване Код за изгубен артикул Източник на класификационната схема Код за повреда Коз за рестрикции Код за отдаване Артикулен № Име на библиотеката - собственик Име на библиотеката, в която се намира в момента Статус (Текущо местоположение) Дата на вписване в системата Местоположение - отдел Цена в лева Инвентарен номер Систематично азбучна сигнатура Баркод Номер на екземпляра Цена в евро Служебна бележка Служебен тип на артикула
  Не е изгубен Universal Decimal Classification Не е повреден само за читалня Специални фондове ( старопечатни, редки и ценни, фонд М. Арнаудов) 274175 Регионална библиотека "Любен Каравелов" Русе Регионална библиотека "Любен Каравелов" Русе Редки и ценни 2016-02-26 Редки и ценни 6.00 120000798443 Рб 897 120000798443 1 3.07 Дост: DA Вид: А N: 9 Дата: 26.02.2016 Дата инв: 19.12.2016 Бележки инв: Рц2016 Книги
Vip Innovations Ltd, Rousse, Bulgaria 2025